00908nam a22002657ib450000500170000000800410001702000380005804000250009608200120012110000280013324500690016126400440023026400110027430000910028533600210037633700250039733800230042249000140044550000500045965000340050965000320054370000260057570000270060183000140062820200512102050.0190711t20192019nyuabo j 000 0 eng d a9781489676849qhardbackcRM119.30 aPPAKbengcPPAKerda04a5292231 aKelley, K. C.,eauthor.10aFEBRUARY /cby K. C. Kelley and Bob Ostrom ; Editor: John Willis 1aNew York, NY : bAV2 by Weigl, c[2019] 4c©2019 a24 pages :bcolour illustration, colour maps, chiefly colour photographs ;c23 x 25 cm 2rdacontentatext 2rdamediaaunmediated 2rdacarrieravolume1 a12 MONTHS aFirst published by The Child's World in 2015.10aFebruaryvJuvenile literature20aMonthsvJuvenile literature1 aOstrom, Bob,eauthor.1 aWillis, John,eeditor. 0a12 months